00627nam a2200193Ia 4500008004100000020001400041082001600055100001800071245003100089250000800120260003900128300002400167500001900191600002100210650005000231942000700281952013000288999001500418240925s9999 xx 000 0 und d a134673174 a004.165 NOR aNorton, Peter 0aInside the IBM PC and Ps/2 a3rd aLahore:bSerat Inter Prizzc,1990. a335p.bNAfOriginal aIncludes Index aComputer Science aComputer science, information & general works cBK 011040708CSaUITUbUITUd1996-05-04eUIT Friends of USA g5.00l0o004.165 NORpQ0678r2024-09-25 07:12:10w2024-09-25yBK c3177d3177